| 000 | 01140nam a22002297a 4500 | ||
|---|---|---|---|
| 005 | 20240814174153.0 | ||
| 008 | s1983 eng d | ||
| 040 | _aNALT | ||
| 041 | _aeng | ||
| 245 | 1 | 0 | _aThe constitution of the United States of America and the constitution of the State of California |
| 260 | 3 |
_aSacramento : _bCalifornia Legislature Assembly, _c1983 |
|
| 300 |
_a251 p. ; _b 22 cm. |
||
| 505 | 0 | _aMagna Carta -- Mayflower Compact -- Declaration of Rights of 1765 -- Declaration of Rights of 1774 -- Declaration of Independence -- Articles of Confederation -- Constitution of the United States -- Amendments -- Index to U.S. Constitution -- Act for the Admission of California Into the Union -- Constitution of the State of California-1879 -- Index to California Constitution. | |
| 650 | 0 | 4 | _aConstitutional law -- California (State) |
| 650 | 0 | 4 | _aConstitutional law -- United States |
| 650 | 0 | 4 | _aConstitutions |
| 650 | 0 | 4 | _aConstitutions -- United States |
| 850 | _aNALT | ||
| 942 |
_cLB _2lcc |
||
| 999 |
_c20277 _d20277 |
||
| 998 |
_j25 _k นีลวัสน์ อินทรักษา |
||
| 090 | _aKD35.U6.4 U54C 1983 | ||